00440 2200169 4500001002100000005001500021035002000036245004700056100002100103250001700124300003200141260003500173082000800208084001400216020002200230650001800252INLIS00000000000092520250317105509 a0010-03250000211 aDengue, Virus Mematika /cRahmat Margajaya0 aRahmat Margajaya acetakan ke-1 aiv, 52 hlm :bilus ;c29 cm aJakarta :bGaneca Exact,c2007 a813 a813 RAH d a978-979-571-514-6 4aCerita Pendek